000 00730nam a2200265Ia 4500
003 OSt
005 20221006152623.0
006 a|||||r|||| 00| 0
007 ta
008 221006b |||||||| |||| 00| 0 chi d
020 _a9787800522437
024 _a29,077
037 _bGift, PRC
_cTextual
040 _aEASL
_cEASL
_bchi
041 _2chi
_achi
082 _aP41,3:2, N3
100 _aWANG Hong Yuan
_9661197
245 0 _aHanzi ziyuan ruhen = Origins of Chinese Characters
260 _aBeijing
_bHuayu Jiaoxue Chubanshe China
_c1993
300 _a214p.
_ccm.
490 _v RS
650 _aCL
_9642733
942 _hP41,3:2, N3
_cTEXL
_2CC
999 _c1097163
_d1097163